| 000 | 01171nam a2200313 i 4500 | ||
|---|---|---|---|
| 003 | EG-GICUC | ||
| 005 | 20260121101518.0 | ||
| 008 | 251217s1934 uk | ||fr|||| 001 0 eng d | ||
| 040 |
_aEG-GiCUC _cEG-GiCUC _dEG-GiCUC _erda _beng |
||
| 041 | _aeng | ||
| 082 | 0 | 4 |
_221 _a341.84 _bBU . S |
| 092 | 0 | 4 | _221 |
| 099 | _aLaw1 12 341.84 BU . S 2 ed - 1934 | ||
| 100 | 1 |
_aBurgin, E. Leslie, _d1887-1945, _eAuthor. |
|
| 245 | 1 | 4 |
_aThe Students' Conflict of Laws : _bBeing an Introduction to the Study of Private International Law, Based on Dicey / _cby E. Leslie Burgin and Eric G.M. Fletcher. |
| 250 | _aSecond edition | ||
| 264 | 1 |
_aLondon : _bStevens and Sons, Ltd. ; _bSweet and Maxwell, Ltd., _c1934. |
|
| 300 |
_axvii, 336 pages ; _c24 cm. |
||
| 336 |
_2rda content _atext |
||
| 337 |
_2rda media _aComputer |
||
| 338 |
_2rda carrier _aOnline Resource |
||
| 504 | _aIncludes bibliographical references and index | ||
| 546 | _aText in English | ||
| 650 | 1 | 4 |
_aconflict of laws _xPrivate international law |
| 700 | 1 |
_aFletcher, Eric G.M. _eAuthor. |
|
| 856 | 4 | 0 | _uhttps://fll.law.cu.edu.eg/fulltext/bks/B12-01630.pdf |
| 905 |
_a75 _eHassnaa |
||
| 942 |
_2ddc _cBK _e21 _n0 |
||
| 999 |
_c51271 _d51271 |
||